La izquierda ante el colapso de la civilización industrial : (Record no. 117247)

MARC details
000 -LEADER
campo de control de longitud fija 00997 a2200289 4500
003 - IDENTIFICADOR DE NÚMERO DE CONTROL
campo de control BJBSDDR
005 - FECHA Y HORA DE LA ÚLTIMA TRANSACCIÓN
campo de control 20230411090831.0
007 - CAMPO FIJO DE DESCRIPCIÓN FÍSICA--INFORMACIÓN GENERAL
campo de control de longitud fija ta
008 - DATOS DE LONGITUD FIJA--INFORMACIÓN GENERAL
campo de control de longitud fija 101022b2016 sp ||||| |||| 00| 0 spa d
020 ## - NÚMERO INTERNACIONAL ESTÁNDAR DEL LIBRO
Número Internacional Estándar del Libro 9788416227136
020 ## - NÚMERO INTERNACIONAL ESTÁNDAR DEL LIBRO
Número Internacional Estándar del Libro 8416227136
040 ## - FUENTE DE CATALOGACIÓN
Lengua de catalogación spa
Centro/agencia transcriptor BJBSDDR
041 ## - CÓDIGO DE IDIOMA
Código de lengua del texto/banda sonora o título independiente spa
050 14 - SIGNATURA TOPOGRÁFICA DE LA BIBLIOTECA DEL CONGRESO
Número de clasificación HB 501
Número de ítem C334i 2016
100 1# - ENTRADA PRINCIPAL--NOMBRE DE PERSONA
Nombre de persona Casal Lodeiro, Manuel,
Fechas asociadas al nombre 1970-
245 13 - MENCIÓN DEL TÍTULO
Título La izquierda ante el colapso de la civilización industrial :
Resto del título apuntes para un debate urgente /
Mención de responsabilidad, etc. Manuel Casal Lodeiro ; prólogo de Teresa Moure.
260 ## - PUBLICACIÓN, DISTRIBUCIÓN, ETC.
Lugar de publicación, distribución, etc. Torrejón de Ardoz, Madrid :
Nombre del editor, distribuidor, etc. La Oveja Roja,
Fecha de publicación, distribución, etc. 2016.
300 ## - DESCRIPCIÓN FÍSICA
Extensión 363 pages ;
Dimensiones 22 cm.
490 0# - MENCIÓN DE SERIE
Mención de serie Ensayo (Oveja Roja)
504 ## - NOTA DE BIBLIOGRAFÍA, ETC.
Nota de bibliografía, etc. Includes bibliographical references.
650 #4 - PUNTO DE ACCESO ADICIONAL DE MATERIA--TÉRMINO DE MATERIA
9 (RLIN) 1787
Término de materia o nombre geográfico como elemento de entrada Capitalismo
650 #4 - PUNTO DE ACCESO ADICIONAL DE MATERIA--TÉRMINO DE MATERIA
9 (RLIN) 1747
Término de materia o nombre geográfico como elemento de entrada Crecimiento económico
650 #4 - PUNTO DE ACCESO ADICIONAL DE MATERIA--TÉRMINO DE MATERIA
9 (RLIN) 28035
Término de materia o nombre geográfico como elemento de entrada Derecha e izquierda (Ciencias políticas)
Subdivisión general Aspectos económicos
700 1# - ENTRADA AGREGADA--NOMBRE PERSONAL
9 (RLIN) 28036
Nombre de persona Moure, Teresa,
Fechas asociadas al nombre 1969-
Término indicativo de función/relación prologuista
942 ## - ELEMENTOS DE ENTRADA SECUNDARIOS (KOHA)
Fuente del sistema de clasificación o colocación Clasificación de Library of Congress
Tipo de ítem Koha Libro
946 ## - PROCESAMIENTO DE INFORMACIÓN LOCAL (OCLC)
Iniciales del agente catalogador dpf
Holdings
Estatus retirado Estado de pérdida Estado de daño No para préstamo Colección Biblioteca de origen Biblioteca actual Ubicación en estantería Fecha de adquisición Signatura topográfica completa Código de barras Visto por última vez Copia número Tipo de ítem Koha
        Ciencias Sociales Biblioteca Juan Bosch Biblioteca Juan Bosch Ciencias Sociales (3er. Piso) 10/10/2022 HB 501 C334i 2016 00000164980 10/10/2022 1 Libro